00418nam a2200157Ia 4500003000400000008004100004040001600045082001300061100001800074245006500092260004400157300001000201650001500211650001200226650002200238GCL140319s9999 xx 000 0 eng d aGCL / cGCL04a843bC T1 aCONIO, GERARD10aTEXTS EXPLIQUES: ETUDE DE DOM JUAN MOLIERE / cCONIO, GERARD a[S.N] : bMARABOUT UNIVERSITE ، c1994 a217 P04aLITERATURE04aMOLIERE04aFRENCH LITERATURE